Normal view
MARC view
- الاستثمارات الاجنبية-قوانين
Entry Topical Term
001 - CONTROL NUMBER
- control field: 64428
003 - CONTROL NUMBER IDENTIFIER
- control field: JO-AjAnu
005 - DATE AND TIME OF LATEST TRANSACTION
- control field: 20230606084521.0
008 - FIXED-LENGTH DATA ELEMENTS
- fixed length control field: 230606|| aca||aabn | a|a d
040 ## - CATALOGING SOURCE
- Original cataloging agency: JO-AjAnu
- Transcribing agency: JO-AjAnu
150 ## - HEADING--TOPICAL TERM
- Topical term or geographic name entry element: الاستثمارات الاجنبية-قوانين
670 ## - SOURCE DATA FOUND
- Source citation: Work cat.: (JO-AjAnu)32929: الخيزران، زياد فيصل حبيب, author 64427, المزايا والضمانات التشريعية للاستثمار الاجنبي في قوانين الاستثمار العربية: دراسة تحليلية مقارنة